Culture at société

Kaydedildi:
Detaylı Bibliyografya
Yazar: Marcuse, Herbert (autor)
Materyal Türü: Kitap
Dil:Fransızca
Baskı/Yayın Bilgisi: París Les Editions de Minuit 1970
Seri Bilgileri:Le Sens Commun
Konular:
Etiketler: Etiketle
Etiket eklenmemiş, İlk siz ekleyin!

MARC

LEADER 00000nam a2200000 a 4500
001 UCT6194
003 CL-VaPUC
008 970106e19700000FR |||||||||||||||||fre|d
082 0 4 |a 320.01  |b MAR  |2 21 
100 |a Marcuse, Herbert  |e autor  |9 329251 
245 1 0 |a Culture at société 
300 |a 387 p 
942 |c BK 
945 |d 19970106 00:00:00  |a paguirre 
260 |a París  |b Les Editions de Minuit  |c 1970 
600 0 7 |a WEBER, MAX  |2 CL-VaPUC  |9 314708 
650 7 |a FILOSOFIA POLITICA  |2 CL-VaPUC  |9 376090 
650 0 |a Filosofía social  |9 268191 
650 0 |a Cultura  |9 269059 
650 0 |a Política cultural  |9 316492 
650 0 |a Libertad  |9 255686 
650 0 |a Estado  |9 255503 
650 0 |a Ética  |9 255099 
583 |a last modification  |c 19970106 00:00:00  |k Rodrigo Vera 
490 0 |a Le Sens Commun 
999 |c 254910  |d 254908 
952 |0 0  |1 0  |4 0  |6 320_010000000000000_MAR_1970  |7 0  |8 A  |9 276882  |a BIBDER  |b BIBDER  |d 2019-11-19  |i 1800310  |o 320.01 MAR 1970  |p 1800310  |r 2023-01-25  |w 2019-11-19  |y BK  |k DER